000 00649nam a2200193Ia 4500
003 GCL
008 140319s9999 xx 000 0 ara d
040 _aGCL /
_cGCL
082 0 4 _a813.0099656
_bح س
100 1 _aحسام الخطيب
245 1 0 _aسبل المؤثرات الاجنبية واشكالها فى القصة السورية الحديثة /
_cحسام الخطيب
260 _a[S.N] :
_bمعهد البحوث والدراسات العربية ،
_c1970
490 _a
650 0 4 _aالادب العربى
650 0 4 _aالقصص العربية
650 0 4 _aسوريا
650 0 4 _aتاريخ ونقد
942 _2ddc
_cBK
999 _c29450
_d29450